|
|
|
|
| LEADER |
01062ncm a22002652a 4500 |
| 001 |
001088132 |
| 003 |
CZ BrMZK |
| 005 |
20110126124914.0 |
| 007 |
qu |
| 008 |
100224s1948 xr |||||||||||||||||cze d |
| 040 |
|
|
|a BOA001
|b cze
|
| 072 |
|
7 |
|a 784
|x Vokální hudba
|2 Konspekt
|9 9
|
| 100 |
1 |
|
|a Plichta, Jan,
|d 1898-1969
|7 xx0007958
|4 cmp
|
| 245 |
1 |
0 |
|a Bílá pláň
|h [hudebnina] :
|b slow-fox : [univ. orchestr] /
|c Jan Plichta ; slova Karel Rubín. Večer na salaši (Ovčákova píseň) : tango / hudba Zdeněk Cón ; slova Boh. Caha
|
| 260 |
|
|
|a Brno :
|b Stožický,
|c 1948
|
| 300 |
|
|
|a 1 sv. (nestránkován)
|
| 700 |
1 |
|
|a Rubín, Karel
|4 lyr
|
| 700 |
1 |
|
|a Caha, Bohumil
|7 mzk2010573804
|4 lyr
|
| 700 |
1 |
|
|a Cón, Zdeněk,
|d 1919-1995
|7 jx20090911009
|4 cmp
|
| 740 |
0 |
2 |
|a Večer na salaši
|
| 910 |
|
|
|a BOA001
|b Mus3-0256.044
|
| 990 |
|
|
|a MU
|
| 991 |
|
|
|b 201002
|
| 996 |
7 |
|
|b 2619449792
|c Mus3-0256.044
|l MZK
|r Sklad / do 1 hodiny
|n 0
|w 001112284
|u 000020
|a 1
|e BOA001
|j MZK50
|s A
|
| 996 |
6 |
|
|b 2619449793
|c Mus3-0256.044
|l MZK
|r Sklad / do 1 hodiny
|n 0
|w 001112284
|u 000010
|a 1
|e BOA001
|j MZK50
|s P
|